Garment Factory Women Workers: (Record no. 201)

MARC details
000 -LEADER
fixed length control field 005740000a22001930004500
003 - CONTROL NUMBER IDENTIFIER
control field LK-CoMWRAF
005 - DATE AND TIME OF LATEST TRANSACTION
control field 20230924173726.0
008 - FIXED-LENGTH DATA ELEMENTS--GENERAL INFORMATION
fixed length control field 230817t1998 ||||| |||| 00| 0 eng d
040 ## - CATALOGING SOURCE
Original cataloging agency LK-CoMWRAF
Modifying agency LK-CoMWRAF
Description conventions LK-CoMWRAF
041 ## - LANGUAGE CODE
Language code of text/sound track or separate title English
082 ## - DEWEY DECIMAL CLASSIFICATION NUMBER
Classification number 396.5
Item number PEF
942 ## - ADDED ENTRY ELEMENTS (KOHA)
Koha item type Books
110 ## - MAIN ENTRY--CORPORATE NAME
Corporate name or jurisdiction name as entry element People's Forum for Development Alternatives.
245 ## - TITLE STATEMENT
Title Garment Factory Women Workers:
Remainder of title A few selected Interviews
260 ## - PUBLICATION, DISTRIBUTION, ETC. (IMPRINT)
Place of publication, distribution, etc. Colombo:
Name of publisher, distributor, etc. Center for Society and Religion,
Date of publication, distribution, etc. 1998
300 ## - PHYSICAL DESCRIPTION
Extent 122p. 22 cm,
490 ## - SERIES STATEMENT
Volume/sequential designation 145 Quest.
650 ## - SUBJECT ADDED ENTRY--TOPICAL TERM
Topical term or geographic name as entry element GARMENT INDUSTRY-Sri Lanka
Holdings
Withdrawn status Lost status Damaged status Not for loan Permanent Location Current Location Date acquired Full call number Barcode Koha item type
        Resource center, Muslim Women's Research And Action Forum Resource center, Muslim Women's Research And Action Forum 2023-08-17 396.5 PEF RAF748 Books

Copyright © 2023 Muslim Women's Research and Action Forum (MWRAF), No 27/3, Anderson Road, Kalubowila, Dehiwela. Funded by The Asia Fundation